Můj kraj : sborník regionálních prací /

Další autoři: Horák, Jan, 1936-2020, Horáková, Ludmila, Unverdorbenová, Jana
Jazyk: Čeština
Vydáno: Hustopeče : Městská knihovna, 1999
Vydání: 1. vyd.
Edice: Rosa
Témata:
Fyzický popis: 97 s. : il. ; 20 cm
Knihy
Uloženo v:
LEADER 01706nam a2200457 a 4500
001 000461853
003 CZ BrMZK
005 20230426130841.0
007 ta
008 010907s1999 xr e mdcze d
040 |a BOA001  |b cze 
043 |a e-xr---  |b e-xr-jm  |2 czenas 
072 7 |a 908(437)  |x Vlastivěda Česka a Slovenska  |2 Konspekt  |9 8 
072 7 |a 821.162.3  |x Česká literatura  |2 Konspekt  |9 25 
080 |a 908(437.322)  |2 MRF 
080 |a 821.162.3-1  |2 MRF 
080 |a 821.162.3-3  |2 MRF 
080 |a (437.322)  |2 MRF 
080 |a (049)  |2 MRF 
080 |a (0:82-1)  |2 MRF 
080 |a (0:82-3)  |2 MRF 
080 |a (082)  |2 MRF 
245 0 0 |a Můj kraj :  |b sborník regionálních prací /  |c sestavil Jan Horák za spolupráce Ludmily Horákové a Jany Unverdorbenové 
246 3 3 |a Můj kraj, sborník literárních a výtvarných prací regionu Hustopečska 
250 |a 1. vyd. 
260 |a Hustopeče :  |b Městská knihovna,  |c 1999 
300 |a 97 s. :  |b il. ;  |c 20 cm 
490 1 |a Rosa 
500 |a Náz. v tir.: Můj kraj, sborník literárních a výtvarných prací regionu Hustopečska 
651 7 |a Hustopeče (Česko : oblast)  |7 ge271280  |x vlastivěda a dějiny  |2 czenas 
655 7 |a stati  |7 fd133586  |2 czenas 
655 7 |a česká poezie  |7 fd133958  |2 czenas 
655 7 |a české prózy  |7 fd133972  |2 czenas 
655 7 |a sborníky  |7 fd163935  |2 czenas 
700 1 |a Horák, Jan,  |d 1936-2020  |7 jo20010091791  |4 com 
700 1 |a Horáková, Ludmila  |4 com 
700 1 |a Unverdorbenová, Jana  |7 mzk2013769309  |4 com 
830 0 |a Rosa 
910 |a BOA001  |b 2-1068.602 
990 |a BK 
996 6 |b 2610107814  |c 2-1068.602  |l MZK  |r Sklad / do 1 hodiny  |n 10  |p p.v.  |w 000461853  |u 000010  |a 1  |e BOA001  |j MZK50  |s P